مكتبة جامعة عجلون الوطنية

فهرس بحث المكتبة

Normal view MARC view
  • الادارة التنفيذية- القيادة الادارية

Entry Topical Term

Number of records used in: 1

001 - CONTROL NUMBER

  • control field: 57288

003 - CONTROL NUMBER IDENTIFIER

  • control field: JO-AjAnu

005 - DATE AND TIME OF LATEST TRANSACTION

  • control field: 20230606083401.0

008 - FIXED-LENGTH DATA ELEMENTS

  • fixed length control field: 230606|| aca||aabn | a|a d

040 ## - CATALOGING SOURCE

  • Original cataloging agency: JO-AjAnu
  • Transcribing agency: JO-AjAnu

150 ## - HEADING--TOPICAL TERM

  • Topical term or geographic name entry element: الادارة التنفيذية- القيادة الادارية

670 ## - SOURCE DATA FOUND

  • Source citation: Work cat.: (JO-AjAnu)29229: تاليف الخفاجي، نعمة عباس، م.مشارك طاهر محسن الغالبي, author 57287, قراءات في الفكر الإداري المعاصر : تباين الأهداف المتوخاة من تبني المسؤولية الإجتماعية في المنظمات الحكومية والخاصة